| 000 | 01168nam a2200277 a 4500 | ||
|---|---|---|---|
| 001 | 17547409 | ||
| 008 | 170526s2013 ||||||||||||||||| || u | ||
| 010 | _a2012955070 | ||
| 020 | _a9781446266526 (hbk.) | ||
| 020 | _a1446266532 (pbk.) | ||
| 020 | _a1446266524 (hbk.) | ||
| 020 | _a9781446266533 (pbk.) | ||
| 050 | _aKD 73 Sey | ||
| 100 | _aSeymour, Clare | ||
| 245 | 1 | 0 |
_aPractical child law for social workers: a guide to english law and policy _cClare Seymour and Richard B. Seymour _h[unmediated] |
| 260 |
_aLos Angeles: _bSAGE Publications _c2013 |
||
| 300 | _axiv, 214 pages | ||
| 350 | _a34.08 | ||
| 500 | _aIncludes bibliographical references (pages 201-210) and index. | ||
| 650 | 0 | _aSOCIAL WORK WITH CHILDREN--LAW AND LEGISLATION--ENGLAND | |
| 650 | 0 | _aCHILDREN--LEGAL STATUS, LAWS, ETC.--ENGLAND | |
| 650 | 0 | _aSOCIAL WORKERS-- LEGAL STATUS, LAWS, ETC.--ENGLAND | |
| 650 | 0 | _aCHILD CARE SERVICES--LAW AND LEGISLATION--ENGLAND | |
| 700 | _aSeymour, Richard | ||
| 995 |
_aMEDICAL LIBRARY OPEN ACCESS _e904062 _FCBU-SCHOOL OF MEDICINE LIBRARY (Ndola) _I34.08 _jKD 73 Sey _M1 _UAVAILABLE _WMay 26, 2017 _y904062 _ZMedical Library Open Access Collection |
||
| 999 |
_c32427 _d32427 |
||